00454nam a2200145 i 450000100060000000300090000600500170001500700030003200800410003510000290007624500980010526000590020330000200026285200260028224268ES-MaACL20230906153022.0t|021216s1879 cl ||||1| spa d1 aAmunategui, Miguel Luis.13aLa cuestión de límites entre Chile y la República Argentina / cMiguel Luis Amunategui. aSantiago de Chile : b[s.n., c1879] (fImp. Nacional) a3 v. ; c26 cm. aES-MaACLjF-11298-300